| Tag |
First Indicator |
Second Indicator |
Subfields |
| LEADER |
00000cam a22000001i 4500 |
| 001 |
in00003883313 |
| 006 |
m |o d | |
| 007 |
cr |n||||||||| |
| 008 |
121217t20132013maua ob 001 0 eng d |
| 005 |
20221130133239.2 |
| 020 |
|
|
|a 9780262316897 (electronic bk.)
|
| 020 |
|
|
|a 0262316897 (electronic bk.)
|
| 020 |
|
|
|z 9780262018906
|
| 020 |
|
|
|z 026201890X
|
| 024 |
8 |
|
|a 99973768672
|
| 035 |
|
|
|a (NhCcYBP)ebc3339670
|
| 035 |
|
|
|a in00003883313
|
| 040 |
|
|
|a NhCcYBP
|c NhCcYBP
|d UtOrBLW
|
| 043 |
|
|
|a d------
|
| 050 |
|
4 |
|a HJ1620
|b .V44 2013
|
| 082 |
0 |
4 |
|a 339.509172/4
|2 23
|
| 084 |
|
|
|a 83.46
|2 bcl
|
| 084 |
|
|
|a 83.12
|2 bcl
|
| 100 |
1 |
|
|a Végh Gramont, Carlos A.,
|d 1958-
|0 http://id.loc.gov/authorities/names/n90689985
|
| 245 |
1 |
0 |
|a Open economy macroeconomics in developing countries /
|c Carlos A. Végh.
|
| 264 |
|
1 |
|a Cambridge, Massachusetts :
|b MIT Press,
|c [2013]
|
| 264 |
|
4 |
|c ©2013
|
| 300 |
|
|
|a 1 online resource.
|
| 336 |
|
|
|a text
|b txt
|2 rdacontent
|
| 337 |
|
|
|a computer
|b c
|2 rdamedia
|
| 338 |
|
|
|a online resource
|b cr
|2 rdacarrier
|
| 504 |
|
|
|a Includes bibliographical references and index.
|
| 505 |
0 |
|
|a Preface -- Introduction -- The basic intertemporal model -- Capital markets imperfections -- Intertemporal prices -- Non-tradable goods and relative prices -- The basic monetary model -- The monetary approach to the balance of payments -- Temporary policy -- Sticky prices -- Interest rate policy -- Optimal fiscal and monetary policy in the open economy -- Optimal exchange rate regimes -- Real anchors -- Stopping high inflation -- Capital inflows -- Dollarization -- Balance of payment crises -- Financial crises.
|
| 588 |
|
|
|a Description based on print version record.
|
| 500 |
|
|
|a Electronic resource.
|
| 650 |
|
0 |
|a Fiscal policy
|z Developing countries.
|0 http://id.loc.gov/authorities/subjects/sh2008103819
|
| 650 |
|
0 |
|a Monetary policy
|z Developing countries.
|0 http://id.loc.gov/authorities/subjects/sh2008107908
|
| 655 |
|
7 |
|a Electronic books.
|2 local
|
| 710 |
2 |
|
|a ProQuest (Firm)
|0 http://id.loc.gov/authorities/names/n2007068018
|
| 776 |
1 |
8 |
|c Original
|z 9780262018906
|z 026201890X
|w (DLC) 2012046601
|
| 856 |
4 |
0 |
|u https://ebookcentral.proquest.com/lib/tamucs/detail.action?docID=3339670
|y Connect to the full text of this electronic book
|t 0
|
| 955 |
|
|
|a YBP purchased DDA e-records
|
| 980 |
|
|
|b 135.00
|g 1
|
| 987 |
|
|
|a ybp11122130
|
| 999 |
f |
f |
|s d28fbc26-5f04-4b5c-8042-4ebfa78f8486
|i c140b4b1-2132-316d-b7ee-8e6a5fbcf2b3
|t 0
|
| 952 |
f |
f |
|a Texas A&M University
|b College Station
|c Electronic Resources
|d Available Online
|t 0
|e HJ1620 .V44 2013
|h Library of Congress classification
|
| 998 |
f |
f |
|a HJ1620 .V44 2013
|t 0
|l Available Online
|